| 000 | 01287cam a2200337 a 4500 | ||
|---|---|---|---|
| 999 |
_c115 _d115 |
||
| 001 | 00364396 | ||
| 003 | OSt | ||
| 005 | 20190726105724.0 | ||
| 008 | 081208s2006 nyu c 000 1 eng | ||
| 010 | _a2003065347 | ||
| 020 | _a0439636531 (pbk.) : | ||
| 020 | _a9780439636537 (pbk.) | ||
| 040 |
_aDLC _cDLC _dDLC _dFGUL |
||
| 042 | _anbic | ||
| 082 | 0 | 0 |
_aFIC MOR _222 |
| 090 |
_aPZ7.M82712 _bM871 2006 |
||
| 100 | 1 |
_aMorpurgo, Michael. _eauthor |
|
| 245 | 1 | 0 |
_aPrivate Peaceful / _cMichael Morpurgo. |
| 250 | _a1st American ed. | ||
| 260 |
_aNew York : _bScholastic Press, _c2006. |
||
| 300 |
_a202 p. ; _c22 cm. |
||
| 520 | _aWhen Thomas Peaceful's older brother is forced to join the British Army, Thomas decides to sign up as well, although he is only fourteen years old, to prove himself to his country, his family, his childhood love, Molly, and himself. | ||
| 650 | 1 |
_aSingle-parent families _vFiction. |
|
| 650 | 1 |
_aPoverty _vFiction. |
|
| 650 | 1 |
_aSoldiers _vFiction. |
|
| 650 | 1 |
_aPeople with mental disabilities _vFiction. |
|
| 650 | 1 |
_aWorld War, 1914-1918 _zEngland _vFiction. |
|
| 651 | 1 |
_aGreat Britain _xHistory _yGeorge V, 1910-1936 _vFiction. |
|
| 856 | 4 | 2 |
_3Publisher description _uhttp://www.loc.gov/catdir/description/schol051/2003065347.html |
| 942 |
_2ddc _cFIC |
||